Significant Naval Figures of WW2 and WW1 - Statistics

General Stats
  • This quiz has been taken 81 times
  • The average score is 5 of 11
Answer Stats
Hint Answer % Correct
First Lord of the Admiralty, later Prime Minister of Britain Winston Churchill
78%
Leader of the US Pacific Fleet Chester Nimitz
75%
Became commander in chief of the Japanese Combined Fleet in 1939 Isoruku Yamamoto
67%
Leader of the Kriegsmarine U-Boat arm Karl Donitz
66%
Higher-Up in the German High Seas Fleet in WW1. Had a class of cruisers named after him in WW2 Franz von Hipper
47%
Killed on HMS Invincible. Had a Battlecruiser named after him in WW2 Horace Hood
45%
Leader of the British Mediterranean Fleet Andrew Cunningham
44%
Leader of the British Grand Fleet in WW1 John Jellicoe
44%
Promoted to first sea lord in 1919 David Beatty
31%
Leader of the German High Seas Fleet in WW1 Reinhard Scheer
27%
Became First Sea Lord of the Royal Navy in 1939 Dudley Pound
17%
No matching quizzes found
Score Distribution
Percent of People with Each Score
Percentile by Number Answered
Your Score History
You have not taken this quiz